[Event "Preferente Aragonesa Grupo B"]
[Site "Aragon"]
[Date "2017.03.04"]
[Round "6.55"]
[White "Sanchez Perez, Jose Felix"]
[Black "Vasilev, Vas"]
[Result "1/2-1/2"]
[WhiteElo "1554"]
[BlackElo "1924"]
[PlyCount "88"]
[EventDate "2017.01.28"]
[WhiteTeam "Delicias B"]
[BlackTeam "Caissa-Hnos Cortes"]

1. e4 c5 2. Nc3 Nc6 3. Nf3 d6 4. d4 cxd4 5. Nxd4 Nf6 6. Bb5 Bd7 7. O-O a6 8.
Bxc6 bxc6 9. f4 e5 10. fxe5 dxe5 11. Nf3 Qc7 12. Qd3 Be7 13. Bg5 Be6 14. Kh1
O-O 15. b3 Rfd8 16. Qe2 c5 17. Rad1 c4 18. Bxf6 Bxf6 19. Nd5 Bxd5 20. exd5 cxb3
21. cxb3 g6 22. Rc1 Qe7 23. Rfd1 e4 24. Ng1 Qe5 25. Rc4 Rxd5 26. Rxd5 Qxd5 27.
Qxe4 Qxe4 28. Rxe4 Rc8 29. g3 Kf8 30. Kg2 Rc2+ 31. Re2 Rxe2+ 32. Nxe2 Ke7 33.
Kf3 Kd6 34. Ke4 Kc5 35. Kd3 Kb4 36. Kc2 Ka3 37. Kb1 Be5 38. Nc1 f5 39. Nd3 Bd6
40. Ne1 Kb4 41. Kb2 Be5+ 42. Kc2 Ka3 43. Nd3 Bd4 44. Kb1 Bc3 1/2-1/2

[Event "Preferente Aragonesa Grupo B"]
[Site "Aragon"]
[Date "2017.03.04"]
[Round "6.56"]
[White "Garcia Lopez, Alberto Jose"]
[Black "Sanchez Perez, Carlos"]
[Result "1/2-1/2"]
[WhiteElo "1902"]
[BlackElo "1552"]
[PlyCount "77"]
[EventDate "2017.01.28"]
[WhiteTeam "Caissa-Hnos Cortes"]
[BlackTeam "Delicias B"]

1. Nf3 Nf6 2. d4 d6 3. c4 e6 4. Nc3 Be7 5. e4 d5 6. cxd5 exd5 7. e5 Ne4 8. Bd3
Nxc3 9. bxc3 Bg4 10. h3 Bh5 11. g4 Bg6 12. Bxg6 fxg6 13. O-O O-O 14. Nh2 Nd7
15. f4 c5 16. f5 Qa5 17. Bd2 Qa3 18. Rf3 Qa6 19. Qf1 Qc6 20. g5 Rxf5 21. Rxf5
gxf5 22. Qxf5 Rf8 23. Qd3 c4 24. Qe2 Qe6 25. Ng4 Rf5 26. h4 Nf8 27. Ne3 Rf4 28.
Nxd5 Qg4+ 29. Qxg4 Rxg4+ 30. Kf2 Kf7 31. Rb1 b6 32. Nxe7 Kxe7 33. Rb4 Rxh4 34.
Rxc4 Ne6 35. Ra4 a5 36. Rc4 Kd7 37. Kg3 Re4 38. Kf3 Rh4 39. Kg3 1/2-1/2

[Event "Preferente Aragonesa Grupo B"]
[Site "Aragon"]
[Date "2017.03.04"]
[Round "6.57"]
[White "Soriano Ascaso, Ignacio"]
[Black "Cajo Esteban, Ruben"]
[Result "1-0"]
[WhiteElo "2153"]
[BlackElo "1867"]
[PlyCount "63"]
[EventDate "2017.01.28"]
[WhiteTeam "Sabiñanigo"]
[BlackTeam "Dr. Azua"]

1. e4 e5 2. Nf3 Nf6 3. Nxe5 d6 4. Nf3 Nxe4 5. Qe2 Qe7 6. d3 Nf6 7. Bg5 Qxe2+ 8.
Bxe2 Be7 9. Nc3 c6 10. O-O-O Be6 11. Rhe1 Na6 12. Ne4 Nxe4 13. dxe4 Nc7 14.
Bxe7 Kxe7 15. Nd4 g6 16. f4 Bd7 17. Bf3 Ne6 18. e5 d5 19. f5 Nxd4 20. f6+ Kd8
21. Rxd4 Kc7 22. Re3 Rhe8 23. b4 Be6 24. g4 a5 25. b5 c5 26. Rxd5 Bxd5 27. Bxd5
Rf8 28. b6+ Kd7 29. Rd3 Rad8 30. Bxf7+ Kc6 31. Rxd8 Rxd8 32. e6 1-0

[Event "Preferente Aragonesa Grupo B"]
[Site "Aragon"]
[Date "2017.03.04"]
[Round "6.58"]
[White "Solera Sanchez, Roberto"]
[Black "Climente Martinez, Jose Luis"]
[Result "0-1"]
[WhiteElo "1822"]
[BlackElo "2056"]
[PlyCount "50"]
[EventDate "2017.01.28"]
[WhiteTeam "Dr. Azua"]
[BlackTeam "Sabiñanigo"]

1. c4 Nf6 2. Nf3 e6 3. g3 d5 4. Bg2 Bd6 5. O-O c6 6. cxd5 exd5 7. d3 h6 8. e4
Nbd7 9. e5 Nxe5 10. Nxe5 Bxe5 11. Re1 Qe7 12. Bf4 Bg4 13. Qd2 Nd7 14. Bxe5 Nxe5
15. f4 f6 16. fxe5 fxe5 17. Qe3 O-O 18. Qxe5 Qc5+ 19. Kh1 Qc2 20. Qc3 Qf2 21.
Nd2 Rae8 22. Rf1 Qe2 23. Rxf8+ Rxf8 24. Rf1 Rxf1+ 25. Bxf1 Bf3+ 0-1

[Event "Preferente Aragonesa Grupo B"]
[Site "Aragon"]
[Date "2017.03.04"]
[Round "6.59"]
[White "Ainsa Claver, Ignacio"]
[Black "Lebron Duran, Jose Maria"]
[Result "0-1"]
[WhiteElo "1956"]
[BlackElo "1813"]
[PlyCount "128"]
[EventDate "2017.01.28"]
[WhiteTeam "Sabiñanigo"]
[BlackTeam "Dr. Azua"]

1. c4 c5 2. Nc3 Nc6 3. g3 Nf6 4. Bg2 g6 5. e4 Bg7 6. Nge2 O-O 7. O-O d6 8. d3
Be6 9. h3 Qc8 10. Kh2 Ne8 11. Nf4 Bd7 12. Nfd5 e6 13. Ne3 Nd4 14. Ne2 Nxe2 15.
Qxe2 Rb8 16. Rb1 a5 17. b3 Nc7 18. f4 f5 19. Bb2 Bc6 20. Bxg7 Kxg7 21. g4 Bd7
22. Rbe1 Qd8 23. exf5 exf5 24. gxf5 Bxf5 25. Nxf5+ Rxf5 26. Qg4 Qf8 27. Be4 Rf6
28. Rf3 Ne6 29. Bd5 Nxf4 30. Qd7+ Kh6 31. Re7 Qxe7 32. Qxe7 Nxd5 33. Qxf6 Nxf6
34. Rxf6 Re8 35. Rxd6 Re2+ 36. Kg3 Rxa2 37. Rb6 Rb2 38. Rxb7 a4 39. Ra7 Rxb3
40. Rxa4 Rxd3+ 41. Kg4 Rd4+ 42. Kg3 Kg5 43. Ra7 h5 44. Ra4 Rd3+ 45. Kg2 Rc3 46.
Ra6 Rxc4 47. Rc6 Rc3 48. Re6 Kf5 49. Re8 h4 50. Rf8+ Ke4 51. Kh2 Rg3 52. Ra8 g5
53. Ra4+ Kd5 54. Ra8 c4 55. Rd8+ Kc5 56. Rc8+ Kb4 57. Rb8+ Kc3 58. Rb5 Kd2 59.
Rd5+ Rd3 60. Rxg5 c3 61. Rg2+ Kc1 62. Rg4 c2 63. Rxh4 Kd2 64. Rc4 c1=Q 0-1

[Event "Preferente Aragonesa Grupo B"]
[Site "Aragon"]
[Date "2017.03.04"]
[Round "6.60"]
[White "Garcia Garcia, Enrique"]
[Black "Martinez Carnicer, Eduardo"]
[Result "1/2-1/2"]
[WhiteElo "1709"]
[BlackElo "1822"]
[PlyCount "235"]
[EventDate "2017.01.28"]
[WhiteTeam "Dr. Azua"]
[BlackTeam "Sabiñanigo"]

1. d4 Nf6 2. c4 c5 3. d5 b5 4. cxb5 a6 5. b6 d6 6. Nc3 Nbd7 7. a4 Nxb6 8. a5
Nbd7 9. e4 g6 10. Nf3 Bg7 11. Be2 O-O 12. Nd2 Ne8 13. O-O Nc7 14. Qa4 Rb8 15.
Ra3 Ne5 16. f4 Bd7 17. Qd1 Nb5 18. Ra2 Ng4 19. Bxg4 Bxc3 20. Bxd7 Bd4+ 21. Kh1
Qxd7 22. Nc4 Bg7 23. Qd3 Rb7 24. Bd2 Nd4 25. Bc3 Rfb8 26. Nb6 Qb5 27. Rd1 Qxd3
28. Rxd3 Ne2 29. Bd2 Nd4 30. g3 Nb5 31. Kg2 Na7 32. b4 cxb4 33. Bxb4 Nc8 34.
Nxc8 Rxc8 35. Be1 Rc4 36. Kf3 h5 37. Raa3 Rb1 38. Bf2 Rbb4 39. Be1 Rb1 40. Bf2
Rbb4 41. Rdb3 Rxe4 42. Rxb4 Rxb4 43. Be1 Rb5 44. Rd3 f5 45. h3 Kf7 46. g4 Rb1
47. Bf2 Rc1 48. gxh5 gxh5 49. Rd2 Rc3+ 50. Kg2 Ra3 51. Bb6 Bc3 52. Re2 Bxa5 53.
Bf2 Bb4 54. Bh4 Rd3 55. Rxe7+ Kf8 56. Rb7 a5 57. Rb5 Rd4 58. Bg5 Kf7 59. Kf3
Rd3+ 60. Kg2 Kg6 61. h4 Bd2 62. Kf2 Rd4 63. Kf3 Re4 64. Rb6 Bb4 65. Bd8 Bc5 66.
Ra6 Re3+ 67. Kg2 Rd3 68. Rxa5 Rxd5 69. Ra6 Rd3 70. Be7 Kf7 71. Bg5 Ke6 72. Ra8
Kd5 73. Rh8 Ke4 74. Re8+ Kd5 75. Rh8 Rd2+ 76. Kg3 Rd3+ 77. Kg2 Ke4 78. Re8+ Kd5
79. Rh8 Be3 80. Re8 Bd4 81. Rg8 Rd2+ 82. Kg3 Bf2+ 83. Kf3 Bd4 84. Re8 Rd3+ 85.
Ke2 Rh3 86. Re7 Rh2+ 87. Kd3 Bf2 88. Rh7 Bxh4 89. Rxh5 Bg3 90. Rxh2 Bxh2 91.
Ke3 Bg1+ 92. Kd3 Bf2 93. Ke2 Bc5 94. Kd3 Ba3 95. Bh6 Bc5 96. Bg7 Bf2 97. Bc3
Bg3 98. Bd2 Bf2 99. Ke2 Bc5 100. Kd3 Ba3 101. Be3 Bb2 102. Bd2 Ke6 103. Be3 d5
104. Bd2 Kd6 105. Be3 Bf6 106. Bf2 Kc6 107. Be3 Be7 108. Bd4 Bc5 109. Be5 Ba3
110. Bd4 Bc1 111. Be5 Ba3 112. Bd4 Bd6 113. Be3 Kb5 114. Kc3 Bc5 115. Bd2 Bb4+
116. Kd4 Bxd2 117. Kxd5 Bxf4 118. Ke6 1/2-1/2

[Event "Preferente Aragonesa Grupo B"]
[Site "Aragon"]
[Date "2017.03.04"]
[Round "6.61"]
[White "Colom Sienes, Eduardo"]
[Black "Mimbela Lopez, Luis"]
[Result "1-0"]
[WhiteElo "2061"]
[BlackElo "2023"]
[PlyCount "53"]
[EventDate "2017.01.28"]
[WhiteTeam "Palacio de Pioneros B"]
[BlackTeam "Agrupacion B"]

1. d4 Nf6 2. c4 g6 3. Nc3 Bg7 4. e4 d6 5. Bd3 O-O 6. Nge2 Nbd7 7. O-O e5 8. d5
a5 9. Bc2 Nh5 10. Be3 f5 11. exf5 gxf5 12. f4 Nc5 13. a3 Qe7 14. Qd2 Bd7 15. b4
axb4 16. axb4 Rxa1 17. Rxa1 Ne4 18. Bxe4 fxe4 19. Rf1 exf4 20. Nxf4 Nxf4 21.
Bxf4 e3 22. Qe1 Bd4 23. Ne2 Bb6 24. Rf3 Bf5 25. Bh6 Rf7 26. Qa1 Qe8 27. Rxf5
1-0

[Event "Preferente Aragonesa Grupo B"]
[Site "Aragon"]
[Date "2017.03.04"]
[Round "6.62"]
[White "Garcia Morales, Roberto"]
[Black "Castillo Sanjuan, Alejandro"]
[Result "0-1"]
[WhiteElo "2005"]
[BlackElo "2045"]
[PlyCount "70"]
[EventDate "2017.01.28"]
[WhiteTeam "Agrupacion B"]
[BlackTeam "Palacio de Pioneros B"]

1. e4 c5 2. Nc3 d6 3. g3 g6 4. Bg2 Bg7 5. Nge2 Nc6 6. O-O e6 7. d3 Nge7 8. Be3
Nd4 9. Qc1 O-O 10. Bxd4 cxd4 11. Nb5 Qb6 12. a4 Bd7 13. Na3 d5 14. exd5 exd5
15. Re1 Qc5 16. Nf4 Bxa4 17. Rxe7 Qxe7 18. Nxd5 Qd7 19. Qg5 Rfe8 20. Qf4 Be5
21. Qxe5 Rxe5 22. Nf6+ Kg7 23. Nxd7 Bxd7 24. Bxb7 Rb8 25. Bf3 Ra5 26. Rc1 Be6
27. Nc4 Bxc4 28. dxc4 Rxb2 29. Be4 Rba2 30. Kg2 Ra1 31. Rxa1 Rxa1 32. c5 Kf6
33. f4 Ra3 34. c6 Ke7 35. f5 Rc3 0-1

[Event "Preferente Aragonesa Grupo B"]
[Site "Aragon"]
[Date "2017.03.04"]
[Round "6.63"]
[White "Zambrana Petisme, Ramiro"]
[Black "Carruez Berges, Fernando"]
[Result "1-0"]
[WhiteElo "2042"]
[BlackElo "1991"]
[PlyCount "159"]
[EventDate "2017.01.28"]
[WhiteTeam "Palacio de Pioneros B"]
[BlackTeam "Agrupacion B"]

1. e4 e6 2. d4 d5 3. Nd2 Nc6 4. Ngf3 Nf6 5. e5 Nd7 6. Nb3 f6 7. exf6 Qxf6 8.
Bg5 Qf7 9. Bd3 Bd6 10. O-O O-O 11. Bh4 Qh5 12. Bg3 Bxg3 13. hxg3 e5 14. Be2 e4
15. Ne5 Qg5 16. Nxc6 bxc6 17. Qc1 Qe7 18. Qe3 Nf6 19. Nc5 Qd6 20. a4 Bg4 21.
Ra3 Rab8 22. Rb3 Bxe2 23. Qxe2 Rxb3 24. Nxb3 h5 25. Qd2 Re8 26. Qg5 Qb4 27. a5
Qc4 28. Qd2 Ng4 29. Re1 g6 30. Qe2 Qb4 31. f3 Nf6 32. Qd2 Qd6 33. Qg5 Kg7 34.
Nc5 Nh7 35. Qf4 g5 36. Qxd6 cxd6 37. Nb7 Rb8 38. a6 Nf6 39. b3 Kf7 40. Nxd6+
Ke6 41. Nb7 Kf5 42. Nd6+ Ke6 43. Nb7 Kf5 44. Nd6+ Ke6 45. fxe4 Kxd6 46. e5+ Ke6
47. exf6+ Kxf6 48. Kf2 Rb6 49. Ra1 Kf5 50. Kf3 Rb4 51. Rd1 Rb6 52. Ra1 Rb4 53.
Ra5 Rb5 54. Ra3 Rb4 55. c3 Rb6 56. b4 Rb5 57. Ra1 Rb6 58. Ra2 Rb5 59. Ra3 Rb6
60. Ra1 Rb5 61. Rh1 Kg6 62. g4 h4 63. Ra1 Rb6 64. g3 hxg3 65. Kxg3 Kf6 66. Kf3
Rb8 67. Ke3 Rh8 68. Rf1+ Kg6 69. Kd3 Rh2 70. Re1 Kf6 71. Rf1+ Kg6 72. Re1 Kf6
73. Re2 Rh1 74. Rf2+ Kg6 75. Re2 Kf6 76. Rf2+ Kg6 77. b5 cxb5 78. Rf5 b4 79.
cxb4 Ra1 80. b5 1-0

[Event "Preferente Aragonesa Grupo B"]
[Site "Aragon"]
[Date "2017.03.04"]
[Round "6.64"]
[White "Chamarro Catarecha, Miguel Ang"]
[Black "Gomez Salinas, Nestor"]
[Result "0-1"]
[WhiteElo "1858"]
[BlackElo "1951"]
[PlyCount "122"]
[EventDate "2017.01.28"]
[WhiteTeam "Agrupacion B"]
[BlackTeam "Palacio de Pioneros B"]

1. e4 c5 2. d4 cxd4 3. c3 dxc3 4. Nxc3 Nc6 5. Nf3 d6 6. Bc4 a6 7. O-O Nf6 8. h3
e6 9. Qe2 b5 10. Bb3 Ra7 11. Rd1 Rd7 12. Bg5 Bb7 13. e5 dxe5 14. Rxd7 Qxd7 15.
Nxe5 Nxe5 16. Qxe5 Qc6 17. Qb8+ Qc8 18. Qe5 Be7 19. Rc1 Qc6 20. f3 Qc5+ 21.
Qxc5 Bxc5+ 22. Kf1 Bb6 23. Bxf6 gxf6 24. Ne2 Ke7 25. Nf4 Rd8 26. Ke2 a5 27. a3
Rd4 28. Nd3 Kd6 29. Nf2 b4 30. Ke1 a4 31. Bd1 f5 32. Be2 bxa3 33. bxa3 Bc5 34.
Ra1 Ke7 35. Nd3 Bd6 36. Nf2 Bd5 37. Nd1 Bc4 38. Ne3 Bxe2 39. Kxe2 Bf4 40. Ra2
Bxe3 41. Kxe3 Rd1 42. Ke2 Rg1 43. Kf2 Rb1 44. Ke3 e5 45. g3 Rb3+ 46. Kf2 h5 47.
h4 Ke6 48. Ke2 e4 49. fxe4 fxe4 50. Kf2 f5 51. Kg2 Rd3 52. Kf2 Kd5 53. Kg2 Ke5
54. Kf2 Kd4 55. Kg2 Ke3 56. Ra1 Rd2+ 57. Kg1 Ke2 58. Kg2 e3 59. Rf1 Ra2 60.
Rxf5 Kd1+ 61. Kg1 e2 0-1

[Event "Preferente Aragonesa Grupo B"]
[Site "Aragon"]
[Date "2017.03.04"]
[Round "6.65"]
[White "Sierra Aguerri, Joaquin"]
[Black "Lopez Caudevilla, David"]
[Result "0-1"]
[WhiteElo "2085"]
[BlackElo "2073"]
[PlyCount "92"]
[EventDate "2017.01.28"]
[WhiteTeam "Tauste"]
[BlackTeam "Actur Rey Fernando"]

1. e4 g6 2. Nc3 Bg7 3. Bc4 d6 4. f4 a6 5. a4 e6 6. d3 Ne7 7. Qe2 O-O 8. Nf3 d5
9. Bb3 b6 10. O-O Bb7 11. Qf2 Nd7 12. Qh4 Nc5 13. f5 exf5 14. Bh6 f6 15. Ba2
Kh8 16. Rad1 Ne6 17. Rfe1 g5 18. Bxg7+ Nxg7 19. Qf2 f4 20. e5 Nef5 21. exf6
Rxf6 22. Nxg5 h6 23. Nf3 Ne3 24. Rxe3 fxe3 25. Qxe3 Qd6 26. Qe5 Re8 27. Qxd6
Rxd6 28. d4 c6 29. Ne5 Rf8 30. Ne2 Bc8 31. c4 Nf5 32. Rd3 a5 33. cxd5 Ba6 34.
Bc4 b5 35. Bb3 bxa4 36. Bc4 Bxc4 37. Nxc4 Rxd5 38. Nf4 Nxd4 39. Ng6+ Kg8 40.
Nxf8 Ne2+ 41. Kf2 Rxd3 42. Ng6 Nd4 43. Nxa5 Rd2+ 44. Ke3 Rxb2 45. Kxd4 a3 46.
Kc3 Rb1 0-1

[Event "Preferente Aragonesa Grupo B"]
[Site "Aragon"]
[Date "2017.03.04"]
[Round "6.66"]
[White "Aviol Perez, Jose Mariano"]
[Black "Fernandez Rubio, Rafael"]
[Result "0-1"]
[WhiteElo "1842"]
[BlackElo "2079"]
[PlyCount "76"]
[EventDate "2017.01.28"]
[WhiteTeam "Actur Rey Fernando"]
[BlackTeam "Tauste"]

1. d4 b6 2. Nf3 Bb7 3. g3 Bxf3 4. exf3 e6 5. Bg2 d5 6. f4 Nf6 7. O-O Bd6 8. Nd2
O-O 9. Nc4 dxc4 10. Bxa8 c6 11. Qf3 Qc7 12. b3 c3 13. Qxc3 Nd5 14. Qf3 Ne7 15.
c4 Na6 16. Bxc6 Nxc6 17. Bb2 Rd8 18. f5 e5 19. d5 Ncb8 20. f6 g6 21. Rfe1 Nd7
22. Re4 Nac5 23. Rh4 Bf8 24. g4 h6 25. Re1 e4 26. Qh3 Qf4 27. Bc1 Qxf6 28. Bxh6
Bxh6 29. Rxh6 Nd3 30. Rf1 N7e5 31. Kh1 Nf3 32. Qg3 Qg5 33. Rh3 Nf4 34. Rd1 Kg7
35. d6 Nxh3 36. d7 Rxd7 37. Rxd7 Qc1+ 38. Kg2 Nf4+ 0-1

[Event "Preferente Aragonesa Grupo B"]
[Site "Aragon"]
[Date "2017.03.04"]
[Round "6.67"]
[White "Sancho Casale, Jesus"]
[Black "Leon Dionis, Mateo"]
[Result "1-0"]
[WhiteElo "1981"]
[BlackElo "1770"]
[PlyCount "51"]
[EventDate "2017.01.28"]
[WhiteTeam "Tauste"]
[BlackTeam "Actur Rey Fernando"]

1. Nf3 c6 2. c4 d5 3. g3 Nf6 4. b3 e6 5. Bg2 Be7 6. O-O Nbd7 7. Bb2 Rb8 8. Qc2
Nf8 9. d4 Ng6 10. Nc3 O-O 11. e4 Bb4 12. e5 Ng4 13. a3 Be7 14. Bc1 dxc4 15.
bxc4 c5 16. d5 N4xe5 17. Nxe5 Nxe5 18. Bf4 f6 19. Rad1 Qe8 20. Rfe1 g5 21. Bxe5
fxe5 22. dxe6 Bxe6 23. Rxe5 Bxc4 24. Rde1 Rf7 25. Nd5 Bxd5 26. Bxd5 1-0

[Event "Preferente Aragonesa Grupo B"]
[Site "Aragon"]
[Date "2017.03.04"]
[Round "6.68"]
[White "Fernandez Sierra, Pedro Jose"]
[Black "Muro Turon, Raul"]
[Result "0-1"]
[WhiteElo "1633"]
[BlackElo "1935"]
[PlyCount "98"]
[EventDate "2017.01.28"]
[WhiteTeam "Actur Rey Fernando"]
[BlackTeam "Tauste"]

1. e4 e5 2. Nf3 Nc6 3. Bc4 Nf6 4. Ng5 d5 5. exd5 b5 6. Bb3 Nd4 7. d3 Nxd5 8.
O-O Be7 9. Ne4 O-O 10. Be3 Nxb3 11. axb3 Nxe3 12. fxe3 b4 13. Qf3 Be6 14. Nbd2
f5 15. Nf2 Bc5 16. Qe2 Qg5 17. d4 Bb6 18. Kh1 exd4 19. exd4 Bd5 20. Nh3 Qh6 21.
Nf4 Rae8 22. Qf2 Be4 23. c3 g5 24. Qg3 Kh8 25. Qh3 Qxh3 26. Nxh3 Bd3 27. Rfe1
h6 28. Nf2 Be2 29. Nc4 Bh5 30. Ne5 Kg7 31. Nfd3 a5 32. Nd7 Rxe1+ 33. Rxe1 Re8
34. Rxe8 Bxe8 35. Nxb6 cxb6 36. cxb4 Bb5 37. Ne5 axb4 38. d5 Kf6 39. Nc4 Bxc4
40. bxc4 Ke5 41. b3 b5 42. cxb5 Kxd5 43. Kg1 Kc5 44. Kf2 Kxb5 45. Ke3 Kc5 46.
g3 h5 47. h3 Kd5 48. h4 gxh4 49. gxh4 Ke5 0-1

[Event "Preferente Aragonesa Grupo B"]
[Site "Aragon"]
[Date "2017.03.04"]
[Round "6.69"]
[White "Sanchez Herrera, Miguel"]
[Black "Fabre Perez, Jose Maria"]
[Result "1-0"]
[WhiteElo "2124"]
[BlackElo "1978"]
[PlyCount "109"]
[EventDate "2017.01.28"]
[WhiteTeam "St. Casablanca D"]
[BlackTeam "Marcos Frechin B"]

1. e4 e6 2. d4 d5 3. Nc3 Nf6 4. Bg5 dxe4 5. Nxe4 Be7 6. Bxf6 gxf6 7. Nf3 Nd7 8.
Qd2 f5 9. Nc3 c6 10. a3 Qa5 11. Be2 Bf6 12. h4 Qc7 13. Rd1 Nb6 14. Qh6 Qe7 15.
Ng5 Rg8 16. Nxh7 Rg6 17. Qe3 Bxh4 18. g3 Bf6 19. Nxf6+ Qxf6 20. d5 Bd7 21. dxe6
fxe6 22. Bh5 O-O-O 23. Bxg6 Qxg6 24. a4 e5 25. Qxe5 Nc4 26. Qd4 Qe6+ 27. Kf1 f4
28. Ne4 fxg3 29. Nxg3 Qf7 30. Rh8 Ne3+ 31. Ke2 Nxd1 32. Rxd8+ Kxd8 33. Kxd1
Qf3+ 34. Kc1 b6 35. Ne4 Qh1+ 36. Kd2 Qh6+ 37. Kc3 c5 38. Qd5 Qh3+ 39. Ng3 Qh8+
40. Kb3 Kc7 41. Ka3 Qf8 42. Qe5+ Qd6 43. Qxd6+ Kxd6 44. f4 Be6 45. a5 b5 46. c3
Kd5 47. Kb3 Kc6+ 48. Kc2 b4 49. f5 Bf7 50. Ne4 Bd5 51. Ng5 b3+ 52. Kd3 Kb5 53.
f6 Bc4+ 54. Ke4 Kxa5 55. f7 1-0

[Event "Preferente Aragonesa Grupo B"]
[Site "Aragon"]
[Date "2017.03.04"]
[Round "6.70"]
[White "Ruiperez Gumiel, Ramon"]
[Black "Cebollada Pacheco, Jesus Raul"]
[Result "1/2-1/2"]
[WhiteElo "1870"]
[BlackElo "2061"]
[PlyCount "62"]
[EventDate "2017.01.28"]
[WhiteTeam "Marcos Frechin B"]
[BlackTeam "St. Casablanca D"]

1. b3 Nf6 2. Bb2 d6 3. e3 g6 4. c4 Bg7 5. Qc2 c5 6. d3 Nc6 7. a3 O-O 8. Nf3 Rb8
9. Be2 a6 10. Nbd2 Bd7 11. O-O b5 12. cxb5 axb5 13. d4 cxd4 14. Nxd4 Nxd4 15.
Bxd4 e5 16. Bb2 Qb6 17. Rfc1 Rfc8 18. Qd3 Rxc1+ 19. Rxc1 Be6 20. Bf3 Rc8 21.
Rxc8+ Bxc8 22. Qc2 Bd7 23. h3 h6 24. Kh1 Ne8 25. Nb1 Nc7 26. Nc3 Be6 27. e4 Qc5
28. b4 Qc6 29. a4 bxa4 30. Qxa4 Qxa4 31. Nxa4 Bd7 1/2-1/2

[Event "Preferente Aragonesa Grupo B"]
[Site "Aragon"]
[Date "2017.03.04"]
[Round "6.71"]
[White "Garcia Andres, Daniel"]
[Black "Santos Morales, Julio Cesar"]
[Result "1/2-1/2"]
[WhiteElo "2007"]
[BlackElo "1855"]
[PlyCount "82"]
[EventDate "2017.01.28"]
[WhiteTeam "St. Casablanca D"]
[BlackTeam "Marcos Frechin B"]

1. e4 c6 2. d4 d5 3. exd5 cxd5 4. c4 e6 5. Nc3 Nf6 6. Nf3 Be7 7. cxd5 Nxd5 8.
Bd3 Nc6 9. a3 Bf6 10. Ne4 Bxd4 11. Nxd4 Nxd4 12. O-O O-O 13. Ng5 Nf6 14. Be3
Nc6 15. Qc2 h6 16. Nf3 Nd5 17. Bc5 Re8 18. Rad1 b6 19. Bb5 Bb7 20. Be3 Rc8 21.
Qe4 Qe7 22. Rfe1 a6 23. Bc4 Na5 24. Bd3 Nf6 25. Qf4 Nd5 26. Qg3 Nxe3 27. Rxe3
Nc4 28. Re2 Red8 29. Ne5 Nxe5 30. Rxe5 Qc7 31. h3 Rd5 32. Rde1 Rxe5 33. Rxe5
Qc1+ 34. Kh2 Qxb2 35. Rh5 Qf6 36. Rh4 Bd5 37. Rf4 Qg5 38. Rg4 Qf6 39. Bxa6 Rc3
40. Bd3 Rc8 41. Rf4 Qg5 1/2-1/2

[Event "Preferente Aragonesa Grupo B"]
[Site "Aragon"]
[Date "2017.03.04"]
[Round "6.72"]
[White "Obon Zuniga, Francisco"]
[Black "Abad Vinas, Jesus Manuel"]
[Result "1-0"]
[WhiteElo "1782"]
[BlackElo "1760"]
[PlyCount "41"]
[EventDate "2017.01.28"]
[WhiteTeam "Marcos Frechin B"]
[BlackTeam "St. Casablanca D"]

1. d4 Nf6 2. c4 e6 3. Nf3 Bb4+ 4. Nbd2 b6 5. g3 Bb7 6. Bg2 O-O 7. O-O c5 8. a3
Bxd2 9. Qxd2 cxd4 10. Qxd4 Nc6 11. Qh4 Rc8 12. Bg5 Na5 13. Rac1 Nb3 14. Rcd1
Na5 15. Ne5 Bxg2 16. Kxg2 Rc7 17. b4 Nc6 18. Ng4 Qa8 19. Nxf6+ gxf6 20. Bxf6
Nd4+ 21. f3 1-0

[Event "Division Honor Aragonesa Grupo A "]
[Site "Aragon"]
[Date "2017.03.11"]
[Round "7.1"]
[White "Hinojar Basa, Alfonso"]
[Black "Llanes Luno, Ricardo"]
[Result "1/2-1/2"]
[WhiteElo "2175"]
[BlackElo "2156"]
[PlyCount "62"]
[EventDate "2017.01.28"]
[WhiteTeam "Marcos Frechin"]
[BlackTeam "Delicias"]

1. e4 c5 2. Nf3 e6 3. b3 Nc6 4. Bb2 d6 5. d4 cxd4 6. Nxd4 Nf6 7. Nxc6 bxc6 8.
e5 dxe5 9. Qxd8+ Kxd8 10. Bxe5 Bc5 11. Be2 Ke7 12. Nd2 Rd8 13. Nc4 Ba6 14. O-O
Bxc4 15. Bxf6+ gxf6 16. Bxc4 Rd2 17. Bd3 f5 18. g3 Kf6 19. Kg2 e5 20. Rad1 Rxd1
21. Rxd1 Rd8 22. Be2 Rxd1 23. Bxd1 e4 24. Bh5 Bd6 25. h3 Ke6 26. Kf1 f4 27.
gxf4 Bxf4 28. Ke2 f5 29. b4 Bd6 30. Be8 Kd5 31. c4+ Kxc4 1/2-1/2

[Event "Division Honor Aragonesa Grupo A "]
[Site "Aragon"]
[Date "2017.03.11"]
[Round "7.2"]
[White "Roche Simon, Manuel Angel"]
[Black "Jario Garcia, Ricardo"]
[Result "1/2-1/2"]
[WhiteElo "2170"]
[BlackElo "2102"]
[PlyCount "106"]
[EventDate "2017.01.28"]
[WhiteTeam "Delicias"]
[BlackTeam "Marcos Frechin"]

1. e4 e6 2. d4 d5 3. Nd2 c5 4. Ngf3 cxd4 5. Nxd4 Nf6 6. exd5 Qxd5 7. Nb5 Na6 8.
c4 Qd7 9. Be2 Bc5 10. O-O O-O 11. Nb3 e5 12. Be3 Bxe3 13. fxe3 Qc6 14. Qd6 Qe4
15. Qd3 Qxd3 16. Bxd3 Be6 17. Rac1 Rfd8 18. Be2 b6 19. h3 Rd7 20. Rfd1 Rad8 21.
Rxd7 Rxd7 22. c5 bxc5 23. Nxc5 Nxc5 24. Rxc5 g6 25. Rxe5 Rd2 26. Nd4 Bxa2 27.
Rb5 Ne4 28. b3 Kg7 29. Bc4 Nd6 30. Rc5 Nxc4 31. bxc4 Rd1+ 32. Kf2 Rc1 33. Ra5
Bxc4 34. Rxa7 Rf1+ 35. Kg3 Bd5 36. Rd7 Bc4 37. e4 Kf6 38. Rc7 Be6 39. Nf3 Ra1
40. Kf4 Ra4 41. Rc5 h6 42. Ke3 Ra3+ 43. Kf2 Ra2+ 44. Kg3 Ra3 45. e5+ Kf5 46.
Kf2 Ra2+ 47. Kg1 Ra4 48. Kf2 Ra2+ 49. Ke3 Ra3+ 50. Kf2 Ra2+ 51. Kg3 Ra3 52. Kh2
Ra4 53. Kg3 Ra3 1/2-1/2

[Event "Division Honor Aragonesa Grupo A "]
[Site "Aragon"]
[Date "2017.03.11"]
[Round "7.3"]
[White "Gaspar Calvo, Luis Alberto"]
[Black "Lamas Mercadal, Manuel"]
[Result "0-1"]
[WhiteElo "1985"]
[BlackElo "2108"]
[PlyCount "66"]
[EventDate "2017.01.28"]
[WhiteTeam "Marcos Frechin"]
[BlackTeam "Delicias"]

1. e4 c5 2. Nc3 Nc6 3. f4 g6 4. Nf3 Bg7 5. Bb5 Nd4 6. O-O Nxb5 7. Nxb5 d5 8.
exd5 a6 9. Nc3 Nf6 10. d4 c4 11. Qe2 b5 12. Bd2 Nxd5 13. Ne4 O-O 14. c3 Bg4 15.
h3 Bxf3 16. Rxf3 e6 17. Re1 Nf6 18. Nc5 Qd5 19. Qe5 Rfd8 20. Qxd5 Rxd5 21. Re5
Bf8 22. Ne4 Nd7 23. Rxd5 exd5 24. Nf2 Re8 25. Kf1 Nf6 26. f5 Ne4 27. Nxe4 dxe4
28. Rg3 Bd6 29. Re3 gxf5 30. Re1 Kg7 31. g4 f4 32. Ke2 f5 33. Rf1 f3+ 0-1

[Event "Division Honor Aragonesa Grupo A "]
[Site "Aragon"]
[Date "2017.03.11"]
[Round "7.4"]
[White "Naya Sancho, Jose Ignacio"]
[Black "Ciriano Lamban, Alejandro"]
[Result "0-1"]
[WhiteElo "2113"]
[BlackElo "2012"]
[PlyCount "79"]
[EventDate "2017.01.28"]
[WhiteTeam "Delicias"]
[BlackTeam "Marcos Frechin"]

1. e4 c5 2. Nf3 Nc6 3. Nc3 g6 4. d4 cxd4 5. Nxd4 Bg7 6. Be3 Nf6 7. Bc4 O-O 8.
Bb3 Qa5 9. f3 d6 10. Qd2 Nd7 11. O-O-O Nc5 12. Kb1 Nxb3 13. axb3 Nb4 14. Bh6
Bh8 15. Bxf8 Kxf8 16. h4 Bd7 17. Nde2 Rc8 18. Nc1 Rc6 19. Qg5 Rc5 20. Rd5 Nxd5
21. Nxd5 Qd8 22. h5 Bg7 23. hxg6 hxg6 24. Qh4 Rc8 25. Qg3 Be6 26. Nf4 Bd7 27.
Ncd3 Qc7 28. Qf2 a6 29. Nd5 Qd8 30. Qg3 Bc6 31. N5f4 a5 32. Rh7 Kg8 33. Rh1 a4
34. Nh3 axb3 35. cxb3 Bb5 36. Ndf4 Qc7 37. Qf2 Bd4 38. Qxd4 Qc2+ 39. Ka1 Ra8+
40. Qa4 0-1